Vista normal Vista MARC

Entrada Nombre personal

Número de registros utilizados en: 2

001 - NÚMERO DE CONTROL

  • Campo de control: 33972

003 - IDENTIFICADOR DE NÚMERO DE CONTROL

  • Campo de control: OSt

005 - FECHA Y HORA DE LA ULTIMA MODIFICACION

  • Campo de control: 20150502102252.0

008 - ELEMENTOS DE DATOS DE LONGITUD FIJA

  • Campo de longitud fija: 150502|| aca||aabn | a|a d

040 ## - FUENTE DE LA CATALOGACIÓN

  • Agencia original de catalogación: OSt

100 1# - ENCABEZAMIENTO--NOMBRE DE PERSONA

  • Nombre personal: Alvarado Acevedo, José Francisco

400 1# - TRAZADO VEÁSE--NOMBRE DE PERSONA

  • Nombre personal: Alvarado, José

400 1# - TRAZADO VEÁSE--NOMBRE DE PERSONA

  • Nombre personal: Acevedo, Francisco

670 ## - FUENTE DE DATOS ENCONTRADOS

  • Fuente de citación: Informe final de práctica profesional realizada en Asociación Fundación para la Cooperación y el Desarrollo de El Salvador "CORDES"

670 ## - FUENTE DE DATOS ENCONTRADOS

  • Fuente de citación: BMC -02-05-2015